Easy english for beginners / (Record no. 40849)

MARC details
000 -LEADER
fixed length control field 00707nam a22001934a 4500
005 - DATE AND TIME OF LATEST TRANSACTION
control field 20100811103246.0
010 ## - LCCN (DPL NO)
LC control number ENG-99490
020 ## - INTERNATIONAL STANDARD BOOK NUMBER
Terms of availability 20.00
035 ## - SYSTEM CONTROL NUMBER
System control number EN-83022
037 ## - SOURCE OF ACQUISITION
Source of stock number/acquisition DBAD/PUB
082 ## - DEWEY DECIMAL CLASSIFICATION NUMBER
Classification number 485
100 ## - MAIN ENTRY--PERSONAL NAME
Personal name M. S. Zakir Hussain
245 ## - TITLE STATEMENT
Title Easy english for beginners /
Statement of responsibility, etc by M. S. Zakir Hussain
Remainder of title
260 ## - PUBLICATION, DISTRIBUTION, ETC. (IMPRINT)
Place of publication, distribution, etc Combitore
Name of publisher, distributor, etc Zakir Hussain Publications
Date of publication, distribution, etc 2003
270 ## - ADDRESS
Address 2/390, B2, Noreno Gardens Vadavalli
Postal code 41
City Combitore
300 ## - PHYSICAL DESCRIPTION
Extent 42 p.
Dimensions 20 cm (Pbk)
942 ## - ADDED ENTRY ELEMENTS (KOHA)
Source of classification or shelving scheme Dewey Decimal Classification
Item type English Books
Call number suffix MSZ
Classification part 485
Holdings
Withdrawn status Lost status Not for loan Collection code Home library Current library Date acquired Cost, normal purchase price Full call number Barcode Copy number Cost, replacement price Koha item type
    Not For Loan Non-fiction D.B.Act.Division D.B.Act.Division 11/08/2010 20.00 485 MSZ EN-83022 1 20.00 English Books

© Delhi Public Library
Hit Counter
free hit counter